<?xml version="1.0" encoding="UTF-8"?>
<collection xmlns="http://www.loc.gov/MARC21/slim">
<record>
  <controlfield tag="001">149906</controlfield>
  <controlfield tag="005">20251017144654.0</controlfield>
  <datafield tag="024" ind1="7" ind2=" ">
    <subfield code="2">doi</subfield>
    <subfield code="a">10.31056/2250.5415.v13.n1.40645</subfield>
  </datafield>
  <datafield tag="024" ind1="8" ind2=" ">
    <subfield code="2">sideral</subfield>
    <subfield code="a">142236</subfield>
  </datafield>
  <datafield tag="037" ind1=" " ind2=" ">
    <subfield code="a">ART-2023-142236</subfield>
  </datafield>
  <datafield tag="041" ind1=" " ind2=" ">
    <subfield code="a">spa</subfield>
  </datafield>
  <datafield tag="100" ind1=" " ind2=" ">
    <subfield code="a">Jiménez González, Marcos</subfield>
    <subfield code="u">Universidad de Zaragoza</subfield>
  </datafield>
  <datafield tag="245" ind1=" " ind2=" ">
    <subfield code="a">Álex de la Iglesia y las escenas de alturas. Simbología del espacio desde la narrativa</subfield>
  </datafield>
  <datafield tag="260" ind1=" " ind2=" ">
    <subfield code="c">2023</subfield>
  </datafield>
  <datafield tag="506" ind1="0" ind2=" ">
    <subfield code="a">Access copy available to the general public</subfield>
    <subfield code="f">Unrestricted</subfield>
  </datafield>
  <datafield tag="520" ind1="3" ind2=" ">
    <subfield code="a">Álex de la Iglesia es un cineasta cuyo reconocimiento ha ido creciendo exponencialmente desde los años noventa. Su estilo es ambiguo, situándose en una posición híbrida, entre el cine de género y la tradición española del esperpento. Esto ha dado lugar a multitud de debates y reflexiones sobre el puesto que ocupa en el panorama cinematográfico nacional. El presente escrito se centra en el análisis de las escenas de alturas en sus películas, una de las características presentes a lo largo de toda su filmografía, desde El día de la bestia hasta Veneciafrenia. Así, se establece un recorrido por los filmes en los que estas aparecen, analizando el tipo de significado y sentido que tienen, y dando cuenta de la diversidad de significaciones y estructuras. El análisis se centrará en las películas que muestran este recurso en la parte final (en el clímax), enfatizando su carácter metafórico, que entronca con una lectura filosófica de las alturas como espacio fílmico. Esta connotación se encuentra arraigada a los orígenes de la cultura occidental, al pensamiento de Platón, de Aristóteles y de la tradición judeocristiana que, estando muy presente en el pensamiento, pervive también en la narrativa literaria y cinematográfica</subfield>
  </datafield>
  <datafield tag="540" ind1=" " ind2=" ">
    <subfield code="9">info:eu-repo/semantics/openAccess</subfield>
    <subfield code="a">by-sa</subfield>
    <subfield code="u">https://creativecommons.org/licenses/by-sa/4.0/deed.es</subfield>
  </datafield>
  <datafield tag="655" ind1=" " ind2="4">
    <subfield code="a">info:eu-repo/semantics/article</subfield>
    <subfield code="v">info:eu-repo/semantics/publishedVersion</subfield>
  </datafield>
  <datafield tag="710" ind1="2" ind2=" ">
    <subfield code="1">5012</subfield>
    <subfield code="2">270</subfield>
    <subfield code="a">Universidad de Zaragoza</subfield>
    <subfield code="b">Unidad Predepartam. Filosofía</subfield>
    <subfield code="c">Área Estética y Teoría Artes</subfield>
  </datafield>
  <datafield tag="773" ind1=" " ind2=" ">
    <subfield code="g">13., 1 (2023), 53 - 60</subfield>
    <subfield code="t">Ética y Cine Journal</subfield>
    <subfield code="x">2250-5415</subfield>
  </datafield>
  <datafield tag="856" ind1="4" ind2=" ">
    <subfield code="s">1214718</subfield>
    <subfield code="u">http://zaguan.unizar.es/record/149906/files/texto_completo.pdf</subfield>
    <subfield code="y">Versión publicada</subfield>
  </datafield>
  <datafield tag="856" ind1="4" ind2=" ">
    <subfield code="s">2279948</subfield>
    <subfield code="u">http://zaguan.unizar.es/record/149906/files/texto_completo.jpg?subformat=icon</subfield>
    <subfield code="x">icon</subfield>
    <subfield code="y">Versión publicada</subfield>
  </datafield>
  <datafield tag="909" ind1="C" ind2="O">
    <subfield code="o">oai:zaguan.unizar.es:149906</subfield>
    <subfield code="p">articulos</subfield>
    <subfield code="p">driver</subfield>
  </datafield>
  <datafield tag="951" ind1=" " ind2=" ">
    <subfield code="a">2025-10-17-14:37:29</subfield>
  </datafield>
  <datafield tag="980" ind1=" " ind2=" ">
    <subfield code="a">ARTICLE</subfield>
  </datafield>
</record>
</collection>